An introduction to the science of cosmology / (Record no. 19515)

MARC details
000 -LEADER
fixed length control field 01293cam a2200337 i 4500
001 - CONTROL NUMBER
control field 15120221
003 - CONTROL NUMBER IDENTIFIER
control field EG-ScBUE
005 - DATE AND TIME OF LATEST TRANSACTION
control field 20250113104201.0
008 - FIXED-LENGTH DATA ELEMENTS--GENERAL INFORMATION
fixed length control field 071221s2001 fludk f b 001 0 eng d
020 ## - INTERNATIONAL STANDARD BOOK NUMBER
International Standard Book Number 9780750304054 (pbk.)
020 ## - INTERNATIONAL STANDARD BOOK NUMBER
International Standard Book Number 0750304057 (pbk.)
040 ## - CATALOGING SOURCE
Original cataloging agency DLC
Language of cataloging eng
Description conventions rda
Transcribing agency UKM
Modifying agency ORU
-- WAU
-- BAKER
-- NLGGC
-- YDXCP
-- DLC
-- EG-ScBUE
082 04 - DEWEY DECIMAL CLASSIFICATION NUMBER
Edition number 22
Item number RAI
Classification number 523.1
100 1# - MAIN ENTRY--PERSONAL NAME
Personal name Raine, Derek J.,
Dates associated with a name 1946-
Relator term author.
9 (RLIN) 38136
245 13 - TITLE STATEMENT
Title An introduction to the science of cosmology /
Statement of responsibility, etc Derek Raine, Department of Physics and Astronomy, University of Leicester, UK, Ted Thomas, Department of Physics and Astronomy, University of Leicester, UK.
264 #1 - PUBLICATION, DISTRIBUTION, ETC. (IMPRINT)
Place of publication, distribution, etc Boca Raton ;
-- Oxon :
Name of publisher, distributor, etc Taylor & Francis Group,
Date of publication, distribution, etc 2001.
300 ## - PHYSICAL DESCRIPTION
Extent xii, 220 pages :
Other physical details charts, forms ;
Dimensions 23 cm.
336 ## - CONTENT TYPE
Source rdacontent
Content type term text
Content type code txt
337 ## - MEDIA TYPE
Source rdamedia
Media type term unmediated
Media type code n
338 ## - CARRIER TYPE
Source rdacarrier
Carrier type term volume
Carrier type code nc
490 0# - SERIES STATEMENT
Series statement Series in astronomy and astrophysics
504 ## - BIBLIOGRAPHY, ETC. NOTE
Bibliography, etc Includes bibliographical references and index.<br/>
590 ## - LOCAL NOTE (RLIN)
Local note shima
650 #7 - SUBJECT ADDED ENTRY--TOPICAL TERM
Topical term or geographic name as entry element Cosmology.
Source of heading or term BUEsh
9 (RLIN) 37498
650 #7 - SUBJECT ADDED ENTRY--TOPICAL TERM
Topical term or geographic name as entry element General relativity (Physics)
Source of heading or term BUEsh
9 (RLIN) 22955
651 ## - SUBJECT ADDED ENTRY--GEOGRAPHIC NAME
Source of heading or term BUEsh
653 ## - INDEX TERM--UNCONTROLLED
Resource For college Engineering, General
Arrived date list June2015
655 ## - INDEX TERM--GENRE/FORM
Form subdivision Reading book
700 1# - ADDED ENTRY--PERSONAL NAME
Personal name Thomas, E. G.
Fuller form of name (Edwin George),
Dates associated with a name 1937-
Relator term author.
942 ## - ADDED ENTRY ELEMENTS (KOHA)
Source of classification or shelving scheme Dewey Decimal Classification
Koha item type Book - Borrowing
Holdings
Withdrawn status Lost status Source of classification or shelving scheme Damaged status Not for loan Collection code Home library Current library Shelving location Date acquired Source of acquisition Cost, normal purchase price Total Checkouts Full call number Barcode Date last seen Cost, replacement price Koha item type
    Dewey Decimal Classification     Baccah Central Library Central Library First floor 09/06/2015   420.00   523.1 RAI 000038437 15/07/2025 525.00 Book - Borrowing